[Event "New Zealand Championship 2023"]
[Site "Wellington"]
[Date "2023.01.02"]
[Round "1.5"]
[White "Zhang, Kendrick Botong"]
[Black "Ker, Anthony F"]
[Result "0-1"]
[WhiteElo "2071"]
[BlackElo "2425"]

1. e4 {[%clk 01:30:41] [%emt 00:00:19]} 1... c5 {[%clk 01:30:51] [%emt
00:00:10]} 2. Nf3 {[%clk 01:30:56] [%emt 00:00:15]} 2... g6 {[%clk 01:31:14]
[%emt 00:00:07]} 3. d4 {[%clk 01:31:21] [%emt 00:00:05]} 3... cxd4 {[%clk
01:31:37] [%emt 00:00:07]} 4. Nxd4 {[%clk 01:31:44] [%emt 00:00:06]} 4... Nc6
{[%emt 00:00:10]} 5. Nc3 {[%clk 01:32:08] [%emt 00:00:05]} 5... Bg7 {[%clk
01:30:20] [%emt 00:02:09]} 6. Be3 {[%clk 01:32:20] [%emt 00:00:18]} 6... Nf6
{[%clk 01:30:42] [%emt 00:00:08]} 7. Bc4 {[%clk 01:32:29] [%emt 00:00:21]} 7...
O-O {[%clk 01:30:55] [%emt 00:00:17]} 8. Bb3 {[%clk 01:32:44] [%emt 00:00:15]}
8... a5 {[%clk 01:30:13] [%emt 00:01:12]} 9. O-O {[%clk 01:32:12] [%emt
00:01:02]} 9... d6 {[%clk 01:30:18] [%emt 00:00:24]} 10. Ndb5 {[%clk 01:29:47]
[%emt 00:02:56]} 10... Ng4 {[%clk 01:20:08] [%emt 00:10:40]} 11. Bf4 {[%clk
01:13:51] [%emt 00:16:26]} 11... Na7 {[%clk 01:13:02] [%emt 00:07:36]} 12. Nxa7
{[%clk 01:04:57] [%emt 00:09:24]} 12... Rxa7 {[%clk 01:13:26] [%emt 00:00:06]}
13. h3 {[%clk 00:57:49] [%emt 00:07:38]} 13... Ne5 {[%clk 01:09:34] [%emt
00:04:22]} 14. Be3 {[%clk 00:47:07] [%emt 00:11:12]} 14... b6 {[%clk 01:08:10]
[%emt 00:01:53]} 15. f4 {[%clk 00:39:28] [%emt 00:08:09]} 15... Nd7 {[%clk
01:06:14] [%emt 00:02:26]} 16. Bd4 {[%clk 00:27:06] [%emt 00:12:52]} 16... Ba6
{[%clk 01:02:54] [%emt 00:03:51]} 17. Bxg7 {[%clk 00:23:26] [%emt 00:04:09]}
17... Kxg7 {[%clk 01:03:09] [%emt 00:00:16]} 18. Re1 {[%clk 00:23:03] [%emt
00:00:51]} 18... Nc5 {[%clk 01:02:00] [%emt 00:01:41]} 19. Bc4 {[%clk 00:20:59]
[%emt 00:02:34]} 19... Kg8 {[%clk 00:47:49] [%emt 00:14:41]} 20. Bxa6 {[%clk
00:19:53] [%emt 00:01:36]} 20... Nxa6 {[%clk 00:48:08] [%emt 00:00:11]} 21. Qd4
{[%clk 00:16:42] [%emt 00:03:40]} 21... Nb4 {[%emt 00:01:15]} 22. Re2 {[%clk
00:16:25] [%emt 00:00:46]} 22... Rd7 {[%clk 00:42:48] [%emt 00:05:06]} 23. a3
{[%clk 00:16:14] [%emt 00:00:41]} 23... Nc6 {[%clk 00:41:44] [%emt 00:01:35]}
24. Qc4 {[%clk 00:15:10] [%emt 00:01:34]} 24... Na7 {[%clk 00:37:57] [%emt
00:04:17]} 25. Rd1 {[%clk 00:13:23] [%emt 00:02:17]} 25... b5 {[%clk 00:35:35]
[%emt 00:02:52]} 26. Qd3 {[%clk 00:11:17] [%emt 00:02:36]} 26... Qb6+ {[%clk
00:26:40] [%emt 00:09:25]} 27. Kh1 {[%clk 00:11:23] [%emt 00:00:24]} 27... Rb7
{[%clk 00:20:50] [%emt 00:06:21]} 28. e5 {[%clk 00:09:48] [%emt 00:02:05]}
28... dxe5 {[%clk 00:20:11] [%emt 00:01:09]} 29. Rxe5 {[%clk 00:10:02] [%emt
00:00:15]} 29... e6 {[%clk 00:19:31] [%emt 00:01:10]} 30. Qd6 {[%clk 00:05:37]
[%emt 00:04:55]} 30... Qxd6 {[%clk 00:18:01] [%emt 00:02:01]} 31. Rxd6 {[%clk
00:06:01] [%emt 00:00:06]} 31... Rc8 {[%clk 00:18:22] [%emt 00:00:09]} 32. Ra6
{[%clk 00:00:41] [%emt 00:05:50]} 32... b4 {[%clk 00:16:34] [%emt 00:02:17]}
33. Ne4 {[%clk 00:00:43] [%emt 00:00:28]} 33... bxa3 {[%clk 00:13:32] [%emt
00:03:33]} 34. bxa3 {[%clk 00:01:05] [%emt 00:00:07]} 34... Rxc2 {[%clk
00:13:42] [%emt 00:00:20]} 35. Rexa5 {[%clk 00:01:13] [%emt 00:00:23]} 35...
Rb1+ {[%clk 00:11:05] [%emt 00:03:07]} 36. Kh2 {[%clk 00:01:37] [%emt
00:00:06]} 36... Rbb2 {[%clk 00:11:29] [%emt 00:00:06]} 37. Rg5 {[%clk
00:00:46] [%emt 00:01:20]} 37... Nc6 {[%clk 00:10:48] [%emt 00:01:11]} 38. Ra4
{[%clk 00:00:46] [%emt 00:00:30]} 38... Ne7 {[%clk 00:09:50] [%emt 00:01:29]}
39. Ra8+ {[%clk 00:00:44] [%emt 00:00:31]} 39... Kg7 {[%clk 00:10:14] [%emt
00:00:06]} 40. Nd6 {[%clk 00:30:34] [%emt 00:00:40]} 40... Nd5 {[%clk 00:36:44]
[%emt 00:04:00]} 41. Ne8+ {[%clk 00:14:37] [%emt 00:16:26]} 41... Kh6 {[%clk
00:32:09] [%emt 00:05:05]} 42. Rg4 {[%clk 00:14:58] [%emt 00:00:09]} 42... g5
{[%clk 00:32:20] [%emt 00:00:19]} 43. h4 {[%clk 00:00:32] [%emt 00:14:56]}
43... gxf4 {[%clk 00:24:49] [%emt 00:08:01]} 44. Nd6 {[%clk 00:00:34] [%emt
00:00:28]} 44... Ne3 {[%clk 00:21:56] [%emt 00:03:22]} 45. Rxf4 {[%clk
00:00:34] [%emt 00:00:30]} 45... Nxg2 {[%clk 00:18:36] [%emt 00:03:51]} 46.
Rxf7 {[%clk 00:00:57] [%emt 00:00:07]} 46... Rb3 {[%clk 00:13:58] [%emt
00:05:08]} 47. Kg1 {[%clk 00:00:31] [%emt 00:00:55]} 47... Ne3 {[%clk 00:13:12]
[%emt 00:01:16]} 48. Rb7 {[%clk 00:00:44] [%emt 00:00:17]} 48... Rd3 {[%clk
00:12:40] [%emt 00:01:02]} 49. Nf7+ {[%clk 00:01:07] [%emt 00:00:07]} 49... Kh5
{[%clk 00:13:03] [%emt 00:00:07]} 50. Rb5+ {[%clk 00:00:41] [%emt 00:00:56]}
50... Nf5 {[%clk 00:09:22] [%emt 00:04:11]} 51. Rd8 {[%clk 00:00:43] [%emt
00:00:28]} 51... Rxa3 {[%clk 00:09:09] [%emt 00:00:44]} 52. Rb1 {[%clk
00:00:33] [%emt 00:00:40]} 52... Rg3+ {[%clk 00:07:19] [%emt 00:02:20]} 53. Kh1
{[%clk 00:00:56] [%emt 00:00:07]} 53... Rgg2 {[%clk 00:07:30] [%emt 00:00:19]}
54. Rb5 {[%clk 00:00:56] [%emt 00:00:30]} 54... Kxh4 {[%clk 00:06:46] [%emt
00:01:14]} 55. Rb4+ {[%clk 00:00:35] [%emt 00:00:51]} 55... Kh3 {[%clk
00:07:05] [%emt 00:00:09]} 56. Rd3+ {[%clk 00:00:32] [%emt 00:00:35]} 56...
Ng3+ {[%clk 00:07:20] [%emt 00:00:15]} 57. Rxg3+ {[%clk 00:00:54] [%emt
00:00:07]} 57... Rxg3 {[%clk 00:07:45] [%emt 00:00:05]} 58. Ng5+ {[%clk
00:00:54] [%emt 00:00:31]} 58... Rxg5 {[%clk 00:08:07] [%emt 00:00:08]} 59.
Rh4+ {[%clk 00:01:20] [%emt 00:00:03]} 59... Kg3 {[%clk 00:08:30] [%emt
00:00:07]} 60. Rh3+ {[%clk 00:01:42] [%emt 00:00:08]} 60... Kf4 {[%clk
00:06:47] [%emt 00:02:12]} 61. Rf3+ {[%clk 00:02:03] [%emt 00:00:10]} 61... Ke4
{[%clk 00:07:08] [%emt 00:00:09]} 62. Rf4+ {[%clk 00:01:48] [%emt 00:00:44]}
62... Kd5 {[%clk 00:07:29] [%emt 00:00:08]} 63. Rd4+ {[%clk 00:02:13] [%emt
00:00:06]} 63... Kc5 {[%clk 00:07:55] [%emt 00:00:05]} 64. Rd5+ {[%clk
00:02:31] [%emt 00:00:13]} 64... Rxd5 {[%clk 00:08:18] [%emt 00:00:07]} 0-1

[Event "New Zealand Championship 2023"]
[Site "Wellington"]
[Date "2023.01.02"]
[Round "1.6"]
[White "Gong, Daniel Hanwen"]
[Black "Van der Hoorn, Thomas"]
[Result "1-0"]
[WhiteElo "2388"]
[BlackElo "2068"]

1. e4 {[%clk 01:30:49] [%emt 00:00:11]} 1... e5 {[%clk 01:30:28] [%emt
00:00:32]} 2. Nf3 {[%clk 01:31:14] [%emt 00:00:04]} 2... Nc6 {[%clk 01:30:54]
[%emt 00:00:04]} 3. Bb5 {[%clk 01:31:40] [%emt 00:00:04]} 3... a6 {[%clk
01:31:13] [%emt 00:00:11]} 4. Ba4 {[%clk 01:32:05] [%emt 00:00:05]} 4... Nf6
{[%clk 01:31:32] [%emt 00:00:11]} 5. O-O {[%clk 01:32:29] [%emt 00:00:06]} 5...
Be7 {[%clk 01:31:28] [%emt 00:00:34]} 6. Re1 {[%clk 01:32:53] [%emt 00:00:05]}
6... b5 {[%clk 01:31:53] [%emt 00:00:06]} 7. Bb3 {[%clk 01:33:21] [%emt
00:00:02]} 7... O-O {[%clk 01:32:16] [%emt 00:00:07]} 8. a4 {[%clk 01:33:48]
[%emt 00:00:03]} 8... Bb7 {[%clk 01:31:21] [%emt 00:01:24]} 9. d3 {[%clk
01:33:30] [%emt 00:00:48]} 9... d6 {[%clk 01:31:28] [%emt 00:00:23]} 10. c3
{[%clk 01:33:28] [%emt 00:00:32]} 10... Na5 {[%clk 01:24:52] [%emt 00:07:05]}
11. Bc2 {[%clk 01:33:34] [%emt 00:00:25]} 11... c5 {[%clk 01:25:05] [%emt
00:00:17]} 12. d4 {[%clk 01:33:50] [%emt 00:00:15]} 12... cxd4 {[%clk 01:22:13]
[%emt 00:03:21]} 13. cxd4 {[%clk 01:34:17] [%emt 00:00:04]} 13... Qc7 {[%clk
01:21:52] [%emt 00:00:51]} 14. Nbd2 {[%clk 01:33:44] [%emt 00:01:02]} 14...
Rac8 {[%clk 01:18:07] [%emt 00:04:16]} 15. Bb1 {[%clk 01:33:47] [%emt
00:00:26]} 15... Rfe8 {[%clk 01:12:30] [%emt 00:06:39]} 16. axb5 {[%clk
01:26:23] [%emt 00:08:24]} 16... axb5 {[%clk 01:12:27] [%emt 00:00:32]} 17. Bd3
{[%clk 01:26:40] [%emt 00:00:13]} 17... Bc6 {[%clk 01:06:08] [%emt 00:06:49]}
18. b4 {[%clk 01:17:53] [%emt 00:09:17]} 18... Nc4 {[%clk 01:04:19] [%emt
00:02:18]} 19. Nxc4 {[%clk 01:17:21] [%emt 00:01:02]} 19... bxc4 {[%clk
01:04:41] [%emt 00:00:08]} 20. Bxc4 {[%clk 01:17:48] [%emt 00:00:03]} 20...
Bxe4 {[%clk 00:57:29] [%emt 00:07:43]} 21. Bxf7+ {[%clk 01:15:51] [%emt
00:02:27]} 21... Kxf7 {[%clk 00:57:54] [%emt 00:00:07]} 22. Ng5+ {[%clk
01:16:17] [%emt 00:00:02]} 22... Kg8 {[%clk 00:58:17] [%emt 00:00:07]} 23. Nxe4
{[%clk 01:16:43] [%emt 00:00:04]} 23... Nxe4 {[%clk 00:53:51] [%emt 00:04:55]}
24. Rxe4 {[%clk 01:17:09] [%emt 00:00:04]} 24... exd4 {[%clk 00:53:35] [%emt
00:00:46]} 25. Bb2 {[%clk 01:15:09] [%emt 00:02:30]} 25... d5 {[%clk 00:48:46]
[%emt 00:05:19]} 26. Qxd4 {[%clk 01:14:31] [%emt 00:01:08]} 26... Bf8 {[%clk
00:42:44] [%emt 00:06:33]} 27. Qxd5+ {[%clk 01:12:04] [%emt 00:02:57]} 27...
Kh8 {[%clk 00:43:04] [%emt 00:00:10]} 28. Rxe8 {[%clk 01:10:45] [%emt
00:01:50]} 28... Rxe8 {[%clk 00:43:28] [%emt 00:00:05]} 29. b5 {[%clk 01:10:11]
[%emt 00:01:04]} 29... Qa5 {[%clk 00:39:04] [%emt 00:04:51]} 30. g3 {[%clk
01:08:53] [%emt 00:01:51]} 30... Qb4 {[%clk 00:37:51] [%emt 00:01:43]} 31. Bd4
{[%clk 01:08:26] [%emt 00:00:57]} 31... Qe7 {[%clk 00:28:59] [%emt 00:09:22]}
32. Ra8 {[%clk 01:07:53] [%emt 00:01:03]} 1-0

[Event "New Zealand Championship 2023"]
[Site "Wellington"]
[Date "2023.01.02"]
[Round "1.7"]
[White "Park-Tamati, Philli"]
[Black "Dive, Russell J"]
[Result "1/2-1/2"]
[WhiteElo "2065"]
[BlackElo "2350"]

1. d4 {[%clk 01:30:58] [%emt 00:00:02]} 1... Nf6 {[%clk 01:30:53] [%emt
00:00:08]} 2. Bf4 {[%clk 01:31:16] [%emt 00:00:12]} 2... c5 {[%clk 01:30:54]
[%emt 00:00:29]} 3. d5 {[%clk 01:30:48] [%emt 00:00:58]} 3... d6 {[%clk
01:31:05] [%emt 00:00:19]} 4. Nc3 {[%clk 01:30:49] [%emt 00:00:29]} 4... e5
{[%clk 01:29:13] [%emt 00:02:22]} 5. Bd2 {[%clk 01:30:06] [%emt 00:01:13]} 5...
Bf5 {[%clk 01:26:07] [%emt 00:03:36]} 6. Nf3 {[%clk 01:24:00] [%emt 00:06:36]}
6... h6 {[%clk 01:25:18] [%emt 00:01:19]} 7. g3 {[%clk 01:20:29] [%emt
00:04:00]} 7... Be7 {[%clk 01:23:15] [%emt 00:02:33]} 8. Nh4 {[%clk 01:15:41]
[%emt 00:05:18]} 8... Bh7 {[%clk 01:21:41] [%emt 00:02:04]} 9. Bg2 {[%clk
01:11:52] [%emt 00:04:19]} 9... Nfd7 {[%clk 01:18:26] [%emt 00:03:45]} 10. Nf3
{[%clk 01:09:35] [%emt 00:02:47]} 10... f5 {[%clk 01:18:41] [%emt 00:00:14]}
11. h4 {[%clk 01:08:44] [%emt 00:01:21]} 11... Na6 {[%clk 01:17:00] [%emt
00:02:11]} 12. O-O {[%clk 01:07:35] [%emt 00:01:39]} 12... Nc7 {[%clk 01:16:15]
[%emt 00:01:15]} 13. a4 {[%clk 01:06:19] [%emt 00:01:47]} 13... Rb8 {[%clk
01:14:03] [%emt 00:02:41]} 14. Nh2 {[%clk 01:03:26] [%emt 00:03:23]} 14... Nf6
{[%clk 01:12:22] [%emt 00:02:11]} 15. f3 {[%clk 00:59:39] [%emt 00:04:18]}
15... Nh5 {[%clk 01:02:42] [%emt 00:10:09]} 16. Be1 {[%clk 00:59:18] [%emt
00:00:51]} 16... f4 {[%clk 01:02:29] [%emt 00:00:43]} 17. gxf4 {[%clk 00:58:09]
[%emt 00:01:40]} 17... exf4 {[%clk 01:01:49] [%emt 00:01:09]} 18. Ne4 {[%clk
00:52:41] [%emt 00:05:58]} 18... O-O {[%clk 00:59:43] [%emt 00:02:36]} 19. c4
{[%clk 00:48:46] [%emt 00:04:25]} 19... Bf5 {[%clk 00:55:06] [%emt 00:05:06]}
20. Ra3 {[%clk 00:45:20] [%emt 00:03:57]} 20... Ne8 {[%clk 00:53:35] [%emt
00:02:02]} 21. Ng4 {[%clk 00:41:36] [%emt 00:04:14]} 21... Bxh4 {[%clk
00:53:21] [%emt 00:00:46]} 22. Bh3 {[%clk 00:41:26] [%emt 00:00:39]} 22... Bxe1
{[%clk 00:51:31] [%emt 00:02:20]} 23. Qxe1 {[%clk 00:40:20] [%emt 00:01:35]}
23... Bxe4 {[%clk 00:48:55] [%emt 00:03:06]} 24. fxe4 {[%clk 00:40:32] [%emt
00:00:18]} 24... Qg5 {[%clk 00:41:43] [%emt 00:07:42]} 25. Rf2 {[%clk 00:32:51]
[%emt 00:08:11]} 25... Nef6 {[%clk 00:32:08] [%emt 00:10:05]} 26. Rg2 {[%clk
00:33:06] [%emt 00:00:15]} 26... Ng3 {[%clk 00:25:04] [%emt 00:07:33]} 27.
Rgxg3 {[%clk 00:31:51] [%emt 00:01:45]} 27... fxg3 {[%clk 00:25:19] [%emt
00:00:15]} 28. Rxg3 {[%clk 00:32:11] [%emt 00:00:10]} 28... Nxg4 {[%clk
00:20:33] [%emt 00:05:16]} 29. Bxg4 {[%clk 00:32:36] [%emt 00:00:05]} 29... Qe5
{[%clk 00:20:09] [%emt 00:00:54]} 30. Bf5 {[%clk 00:30:24] [%emt 00:02:41]}
30... Rf6 {[%clk 00:15:57] [%emt 00:04:43]} 31. Qf2 {[%clk 00:27:28] [%emt
00:03:25]} 31... Re8 {[%clk 00:12:55] [%emt 00:03:33]} 32. e3 {[%clk 00:26:31]
[%emt 00:01:28]} 32... Re7 {[%clk 00:12:31] [%emt 00:00:54]} 33. Rg2 {[%clk
00:24:08] [%emt 00:02:53]} 33... Kf8 {[%clk 00:11:44] [%emt 00:01:16]} 34. Qe1
{[%clk 00:22:54] [%emt 00:01:44]} 34... Rxf5 {[%clk 00:07:22] [%emt 00:04:52]}
35. exf5 {[%clk 00:23:21] [%emt 00:00:03]} 35... Qxe3+ {[%clk 00:07:43] [%emt
00:00:10]} 36. Qxe3 {[%clk 00:23:45] [%emt 00:00:06]} 36... Rxe3 {[%clk
00:07:59] [%emt 00:00:14]} 37. Rg6 {[%clk 00:24:07] [%emt 00:00:08]} 37... Rb3
{[%clk 00:05:06] [%emt 00:03:23]} 38. Rxd6 {[%clk 00:23:33] [%emt 00:01:04]}
38... Rxb2 {[%clk 00:04:54] [%emt 00:00:42]} 39. Rd7 {[%clk 00:22:49] [%emt
00:01:14]} 39... Rb4 {[%clk 00:03:25] [%emt 00:01:59]} 40. a5 {[%clk 00:49:09]
[%emt 00:04:12]} 40... a6 {[%clk 00:31:13] [%emt 00:02:42]} 41. d6 {[%clk
00:42:36] [%emt 00:07:02]} 41... Rxc4 {[%clk 00:30:12] [%emt 00:01:31]} 42.
Rxb7 {[%clk 00:42:22] [%emt 00:00:44]} 42... Rd4 {[%clk 00:30:35] [%emt
00:00:07]} 43. Rb6 {[%clk 00:41:24] [%emt 00:01:29]} 43... c4 {[%clk 00:14:35]
[%emt 00:16:29]} 44. Rxa6 {[%clk 00:39:59] [%emt 00:01:55]} 44... c3 {[%clk
00:14:56] [%emt 00:00:08]} 45. Rc6 {[%clk 00:37:27] [%emt 00:03:02]} 45... c2
{[%clk 00:11:40] [%emt 00:03:46]} 46. Rxc2 {[%clk 00:35:48] [%emt 00:02:09]}
46... Rxd6 {[%clk 00:12:01] [%emt 00:00:08]} 47. Ra2 {[%clk 00:34:49] [%emt
00:01:29]} 47... Ra6 {[%clk 00:11:43] [%emt 00:00:49]} 48. Kf2 {[%clk 00:35:07]
[%emt 00:00:12]} 48... Kf7 {[%clk 00:12:06] [%emt 00:00:07]} 49. Kf3 {[%clk
00:35:29] [%emt 00:00:08]} 49... Kf6 {[%clk 00:11:45] [%emt 00:00:51]} 50. Ke4
{[%clk 00:34:57] [%emt 00:01:02]} 50... h5 {[%clk 00:11:08] [%emt 00:01:06]}
51. Kf4 {[%clk 00:32:03] [%emt 00:03:23]} 1/2-1/2

[Event "New Zealand Championship 2023"]
[Site "Wellington"]
[Date "2023.01.02"]
[Round "1.8"]
[White "Steadman, Michael V R"]
[Black "Vanheirzeele, Daniel"]
[Result "1-0"]
[WhiteElo "2306"]
[BlackElo "2056"]

1. Nf3 {[%clk 01:30:55] [%emt 00:00:04]} 1... c5 {[%clk 01:29:14] [%emt
00:01:46]} 2. b3 {[%clk 01:30:42] [%emt 00:00:43]} 2... Nf6 {[%clk 01:21:26]
[%emt 00:08:17]} 3. Bb2 {[%clk 01:30:53] [%emt 00:00:20]} 3... e6 {[%clk
01:21:51] [%emt 00:00:05]} 4. e3 {[%clk 01:29:01] [%emt 00:02:22]} 4... b6
{[%clk 01:21:06] [%emt 00:01:16]} 5. c4 {[%clk 01:26:49] [%emt 00:02:41]} 5...
Bb7 {[%clk 01:21:20] [%emt 00:00:16]} 6. Nc3 {[%clk 01:25:04] [%emt 00:02:15]}
6... a6 {[%clk 01:13:15] [%emt 00:08:35]} 7. Be2 {[%clk 01:17:01] [%emt
00:08:33]} 7... Be7 {[%clk 01:13:14] [%emt 00:00:31]} 8. Qc2 {[%clk 01:13:55]
[%emt 00:03:36]} 8... Qc7 {[%clk 01:08:06] [%emt 00:05:37]} 9. Rc1 {[%clk
01:10:44] [%emt 00:03:42]} 9... d6 {[%clk 00:57:30] [%emt 00:11:06]} 10. d4
{[%clk 01:07:17] [%emt 00:03:58]} 10... Nbd7 {[%clk 00:55:55] [%emt 00:02:04]}
11. O-O {[%clk 00:57:23] [%emt 00:10:24]} 11... O-O {[%clk 00:54:40] [%emt
00:01:45]} 12. Rfd1 {[%clk 00:57:23] [%emt 00:00:29]} 12... Rac8 {[%clk
00:51:35] [%emt 00:03:35]} 13. d5 {[%clk 00:56:25] [%emt 00:01:29]} 13... e5
{[%clk 00:51:43] [%emt 00:00:21]} 14. Bd3 {[%clk 00:54:28] [%emt 00:02:27]}
14... g6 {[%clk 00:50:49] [%emt 00:01:25]} 15. h4 {[%clk 00:51:52] [%emt
00:03:07]} 15... Kg7 {[%clk 00:44:25] [%emt 00:06:53]} 16. Ne2 {[%clk 00:47:04]
[%emt 00:05:18]} 16... Ng4 {[%clk 00:33:58] [%emt 00:10:56]} 17. h5 {[%clk
00:44:31] [%emt 00:03:03]} 17... Ndf6 {[%clk 00:31:39] [%emt 00:02:49]} 18. Ng3
{[%clk 00:42:44] [%emt 00:02:18]} 18... Ng8 {[%clk 00:25:16] [%emt 00:06:52]}
19. hxg6 {[%clk 00:40:09] [%emt 00:03:06]} 19... hxg6 {[%clk 00:24:31] [%emt
00:01:14]} 20. Ne4 {[%clk 00:30:34] [%emt 00:10:06]} 20... Qd8 {[%clk 00:22:20]
[%emt 00:02:41]} 21. Qe2 {[%clk 00:29:54] [%emt 00:01:10]} 21... f5 {[%clk
00:21:59] [%emt 00:00:51]} 22. Ng3 {[%clk 00:28:14] [%emt 00:02:10]} 22... N4h6
{[%clk 00:12:20] [%emt 00:10:07]} 23. Nh2 {[%clk 00:26:06] [%emt 00:02:40]}
23... Bf6 {[%clk 00:12:00] [%emt 00:00:51]} 24. e4 {[%clk 00:25:59] [%emt
00:00:37]} 24... f4 {[%clk 00:12:10] [%emt 00:00:20]} 25. Ngf1 {[%clk 00:23:40]
[%emt 00:02:49]} 25... Rc7 {[%clk 00:11:02] [%emt 00:01:37]} 26. a3 {[%clk
00:21:51] [%emt 00:02:21]} 26... Bc8 {[%clk 00:09:41] [%emt 00:01:50]} 27. b4
{[%clk 00:21:04] [%emt 00:01:18]} 27... Bd7 {[%clk 00:10:02] [%emt 00:00:08]}
28. Bc3 {[%clk 00:20:59] [%emt 00:00:36]} 28... Ba4 {[%clk 00:07:10] [%emt
00:03:22]} 29. Bc2 {[%clk 00:18:30] [%emt 00:02:59]} 29... Qd7 {[%clk 00:07:26]
[%emt 00:00:14]} 30. bxc5 {[%clk 00:17:23] [%emt 00:01:37]} 30... bxc5 {[%clk
00:06:56] [%emt 00:00:59]} 31. Rb1 {[%clk 00:17:42] [%emt 00:00:12]} 31... Rf7
{[%clk 00:04:11] [%emt 00:03:14]} 32. Rb6 {[%clk 00:17:29] [%emt 00:00:43]}
32... Ra7 {[%clk 00:02:08] [%emt 00:02:33]} 33. Bxa4 {[%clk 00:14:03] [%emt
00:03:57]} 33... Qxa4 {[%clk 00:02:34] [%emt 00:00:04]} 34. Rxd6 {[%clk
00:14:21] [%emt 00:00:11]} 34... Qxa3 {[%clk 00:02:47] [%emt 00:00:18]} 35. Qd3
{[%clk 00:13:49] [%emt 00:01:02]} 1-0

[Event "New Zealand Championship 2023"]
[Site "Wellington"]
[Date "2023.01.02"]
[Round "1.9"]
[White "McDougall, Euan"]
[Black "Smith, Robert W"]
[Result "0-1"]
[WhiteElo "1995"]
[BlackElo "2283"]

1. d4 {[%clk 01:30:56] [%emt 00:00:03]} 1... Nf6 {[%clk 01:30:51] [%emt
00:00:09]} 2. Nf3 {[%clk 01:31:01] [%emt 00:00:24]} 2... g6 {[%clk 01:30:47]
[%emt 00:00:35]} 3. Bf4 {[%clk 01:30:35] [%emt 00:00:55]} 3... d6 {[%clk
01:30:25] [%emt 00:00:53]} 4. Nbd2 {[%clk 01:30:34] [%emt 00:00:31]} 4... Nh5
{[%clk 01:28:26] [%emt 00:02:29]} 5. Bg3 {[%clk 01:30:12] [%emt 00:00:52]} 5...
Nxg3 {[%clk 01:26:57] [%emt 00:02:00]} 6. hxg3 {[%clk 01:30:40] [%emt
00:00:02]} 6... Bg7 {[%clk 01:27:12] [%emt 00:00:15]} 7. c3 {[%clk 01:29:34]
[%emt 00:01:36]} 7... e5 {[%clk 01:23:23] [%emt 00:04:19]} 8. dxe5 {[%clk
01:28:44] [%emt 00:01:20]} 8... dxe5 {[%clk 01:23:45] [%emt 00:00:08]} 9. e4
{[%clk 01:28:35] [%emt 00:00:39]} 9... Be6 {[%clk 01:17:21] [%emt 00:06:54]}
10. Bc4 {[%clk 01:24:20] [%emt 00:04:45]} 10... Bxc4 {[%clk 01:11:47] [%emt
00:06:03]} 11. Nxc4 {[%clk 01:24:48] [%emt 00:00:02]} 11... Qxd1+ {[%clk
01:10:35] [%emt 00:01:42]} 12. Rxd1 {[%clk 01:25:05] [%emt 00:00:12]} 12... Nd7
{[%clk 01:10:03] [%emt 00:01:02]} 13. Na5 {[%clk 01:15:11] [%emt 00:10:25]}
13... Rb8 {[%clk 01:05:03] [%emt 00:05:30]} 14. O-O {[%clk 01:12:12] [%emt
00:03:29]} 14... f6 {[%clk 01:02:41] [%emt 00:02:52]} 15. g4 {[%clk 01:11:17]
[%emt 00:01:26]} 15... Nc5 {[%clk 00:55:45] [%emt 00:07:26]} 16. g5 {[%clk
01:06:13] [%emt 00:05:34]} 16... O-O {[%clk 00:48:55] [%emt 00:07:19]} 17. gxf6
{[%clk 01:04:13] [%emt 00:02:31]} 17... Bxf6 {[%clk 00:49:17] [%emt 00:00:07]}
18. Nd2 {[%clk 00:49:12] [%emt 00:15:32]} 18... c6 {[%clk 00:43:48] [%emt
00:05:59]} 19. b3 {[%clk 00:44:39] [%emt 00:05:03]} 19... Bd8 {[%clk 00:42:23]
[%emt 00:01:55]} 20. Nac4 {[%clk 00:44:57] [%emt 00:00:13]} 20... Bc7 {[%clk
00:42:36] [%emt 00:00:16]} 21. f3 {[%clk 00:43:13] [%emt 00:02:13]} 21... b5
{[%clk 00:40:22] [%emt 00:02:45]} 22. Nb2 {[%clk 00:42:12] [%emt 00:01:31]}
22... Bb6 {[%clk 00:40:42] [%emt 00:00:10]} 23. Kh2 {[%clk 00:42:33] [%emt
00:00:08]} 23... Rf6 {[%clk 00:32:49] [%emt 00:08:24]} 24. Nb1 {[%emt
00:01:26]} 24... Rbf8 {[%clk 00:33:02]} 25. Rfe1 {[%clk 00:41:57] [%emt
00:00:27]} 25... g5 {[%clk 00:32:36] [%emt 00:00:56]} 26. Nd3 {[%clk 00:41:56]
[%emt 00:00:30]} 26... Nxd3 {[%clk 00:32:49] [%emt 00:00:18]} 27. Rxd3 {[%clk
00:42:20] [%emt 00:00:06]} 27... Bf2 {[%clk 00:33:11] [%emt 00:01:52]} 0-1